Classifica Marcatori Ancona All-Time - Statistics

Statistiche generali
  • Questo quiz è stato fatto 4 volte
  • Il punteggio medio è 2 su 10
Statistiche sulle risposte
Gol Nazione Calciatore % Corretto
26 Italia Nicola Caccia
67%
61 Italia Salvatore Mastronunzio
67%
35 Italia Massimo Agostini
33%
24 Italia Sandro Tovalieri
33%
22 Italia Alberto Spagnoli
0%
21 Italia Eddy Baggio
0%
26 Italia Edoardo Artistico
0%
23 Italia Marcello Albino
0%
23 Italia Massimiliano Vieri
0%
21 Italia Pietro Parente
0%
Nessun quiz corrispondente trovato
Distribuzione punteggi
Percentuale di utenti per punteggio
Percentile per numero di risposta
I tuoi punteggi nel tempo
Non hai fatto questo quiz